Explorations in method and theory in anthropology (Record no. 180086)

MARC details
000 -LEADER
fixed length control field 00624nam a2200205Ia 4500
008 - FIXED-LENGTH DATA ELEMENTS--GENERAL INFORMATION
fixed length control field 191130s2008##################000#0#eng##
020 ## - INTERNATIONAL STANDARD BOOK NUMBER
ISBN 9788131601631
082 ## - DEWEY DECIMAL CLASSIFICATION NUMBER
Classification number 301.01 SAR
100 ## - MAIN ENTRY--AUTHOR NAME
Personal name Śaraṇa, Gopāla
245 ## - TITLE STATEMENT
Title Explorations in method and theory in anthropology
Statement of responsibility, etc Gopala Sarana
260 ## - PUBLICATION, DISTRIBUTION, ETC. (IMPRINT)
Place of publication Jaipur
Name of publisher Rawat Publications
Year of publication c2008
300 ## - PHYSICAL DESCRIPTION
Number of Pages xviii, 470 p. ; ; 22 cm
500 ## - GENERAL NOTE
General note Includes bibliographical references and index
650 ## - SUBJECT ADDED ENTRY--TOPICAL TERM
Topical Term Anthropology - Methodology
991 ## -
-- 46027
Holdings
Withdrawn status Lost status Damaged status Not for loan Home library Current library Shelving location Date acquired Full call number Accession Number Price effective from Koha item type
        Anna Centenary Library Anna Centenary Library 3RD FLOOR, B WING 13.10.2020 301.01 SAR 504754 13.10.2020 English Books

Find us on the map